000
00206nam a2200085Ia 4500
008
170617s9999 xx 000 0 und d
100
_a
GUPTA- RAJHANS
245
0
_a
PROFESSIONAL COMMUNICATION
260
_b
MEERUT- PRAGATI
260
_c
2010
999
_c
15565
_d
15565